Estadísticas para Jugadores de River Plate 2018-19

Haz click aquí para intentar la prueba.

Estadísticas generales

  • Esta prueba ha sido intentada 74 veces
  • La puntuación promedio es 4 de 37

Estadísticas de respuestas

PosicionJugadores% Correcto
PORArmani
100%
PORBologna
68%
PORLux
56%
DTGallardo
23%
DEFCasco
16%
DEFPinola
12%
DELPratto
9%
DELAlvarez
7%
DEFAngileri
7%
DELBorre
7%
DEFMontiel
7%
DEFQuarta
7%
DELSuarez
7%
DEFMartinez
5%
MCDPerez
5%
DELScocco
5%
MCDZuculini
5%
MCDDe La Cruz
4%
DEFGallardo
4%
DEFLollo
4%
MCDPalacios
4%
MCDPonzio
4%
MCDQuintero
4%
DEFRojas
4%
MCDSosa
4%
DELBeltran
2%
MCDFernandez
2%
MCDFerreira
2%
DELGirotti
2%
DELRollheiser
2%
MCDCarrascal
0%
MCDFernandez
0%
DELMarcel
0%
MCDMayada
0%
MCDMuñoz
0%
DEFSebille
0%
MCDVera
0%

Distribución de puntuación

Porcentaje por número respondido

Porcentaje de gente con cada puntuación

Historial de tus puntuaciones

No has intentado esta prueba.